[Event "Luxembourg-chT 9900 qual"]
[Site "Luxembourg"]
[Date "2000.01.09"]
[Round "4"]
[White "Kecap, Ismed"]
[Black "Rasquin, Fernand"]
[Result "1-0"]
[WhiteElo "2050"]
[BlackElo "2060"]
[PlyCount "125"]
[EventDate "1999.11.07"]
[EventType "team"]
[EventRounds "10"]
[EventCountry "LUX"]
[SourceTitle "EXT 2005"]
[Source "ChessBase"]
[SourceDate "2004.11.15"]
[SourceVersion "1"]
[SourceVersionDate "2004.11.15"]
[SourceQuality "1"]

1. e4 d6 2. d4 Nf6 3. Bd3 g6 4. Bg5 Bg7 5. Qd2 c5 6. c3 cxd4 7. cxd4 Nc6 8. Ne2 Qb6 9. Nbc3 0-0 10. Bc4 Qb4 11. Bb3 Na5 12. h4 e5 13. dxe5 dxe5 14. Ng3 Nxb3 15. axb3 Be6 16. Bh6 Rfd8 17. Qg5 Bxh6 18. Qxh6 Ng4 19. Qc1 Qd4 20. 0-0 Qd2 21. f3 Qe3+ 22. Qxe3 Nxe3 23. Rf2 Bxb3 24. Ra5 Nd1 25. Nxd1 Rxd1+ 26. Kh2 f6 27. Rb5 Be6 28. Rxb7 Rd7 29. Rb5 Rc8 30. Ra5 Bc4 31. Ra3 Bb5 32. Re3 Rc1 33. h5 Kg7 34. b3 a6 35. f4 exf4 36. Rxf4 Rd2 37. Nh1 Rcc2 38. Rg3 Bd7 39. Kg1 Rd1+ 40. Kh2 Rdd2 41. Kg1 Bb5 42. h6+ Kxh6 43. Rxf6 Kg7 44. Rf4 Rc1+ 45. Kh2 Re1 46. Nf2 Bd7 47. Nd3 Ree2 48. Kh1 Rd1+ 49. Kh2 Rdd2 50. Kh1 Rd1+ 51. Kh2 Rdd2 52. Nc5 Bc8 53. Nd3 Be6 54. Nc5 Bc8 55. Rff3 Rc2 56. b4 a5 57. Nb3 Rxe4 58. bxa5 Rh4+ 59. Kg1 Ra2 60. Re3 Bf5 61. Re5 Rha4 62. Rxf5 Rb2 63. Rff3 1-0

[Event "Luxembourg-ch"]
[Site "Luxembourg"]
[Date "1999.04.10"]
[Round "8"]
[White "Spartz, Gaston"]
[Black "Kecap, Ismed"]
[Result "1-0"]
[WhiteElo "1930"]
[BlackElo "2020"]
[PlyCount "87"]
[EventDate "1999.04.03"]
[EventType "swiss"]
[EventRounds "9"]
[EventCountry "LUX"]
[SourceTitle "EXT 2005"]
[Source "ChessBase"]
[SourceDate "2004.11.15"]
[SourceVersion "1"]
[SourceVersionDate "2004.11.15"]
[SourceQuality "1"]

1. d4 d5 2. Nf3 e6 3. g3 c6 4. Bg2 Bd6 5. Nbd2 Qa5 6. 0-0 f5 7. Ne5 Nf6 8. Ndf3 Nbd7 9. Bf4 Qc7 10. e3 Nxe5 11. dxe5 Bxe5 12. Bxe5 Qe7 13. Bxf6 Qxf6 14. Qd4 Qe7 15. b4 a5 16. a3 b5 17. Qc3 Bd7 18. Ne5 Qd6 19. f4 a4 20. Rfd1 Qc7 21. Qc5 Rd8 22. Nf3 h5 23. Bf1 Qb8 24. Ne5 Rc8 25. Ng6 Kf7 26. Nxh8+ Rxh8 27. Bg2 Ke8 28. Qd4 Rg8 29. Bf3 g6 30. Kf2 Qd8 31. Rg1 Qe7 32. h3 Kf7 33. g4 Qh4+ 34. Ke2 hxg4 35. hxg4 fxg4 36. Rxg4 Qh5 37. Rh1 e5 38. Rxh5 exd4 39. Rh7+ Ke8 40. Rg5 dxe3 41. Re5+ Kd8 42. Ree7 Bf5 43. Ra7 Bc8 44. Ra8 1-0

[Event "Luxembourg-ch"]
[Site "Luxembourg"]
[Date "1999.04.09"]
[Round "7"]
[White "Kecap, Ismed"]
[Black "Feller, Joseph"]
[Result "0-1"]
[WhiteElo "2020"]
[BlackElo "2230"]
[PlyCount "60"]
[EventDate "1999.04.03"]
[EventType "swiss"]
[EventRounds "9"]
[EventCountry "LUX"]
[SourceTitle "EXT 2005"]
[Source "ChessBase"]
[SourceDate "2004.11.15"]
[SourceVersion "1"]
[SourceVersionDate "2004.11.15"]
[SourceQuality "1"]

1. e4 c5 2. Bc4 e6 3. Qe2 Nc6 4. c3 Be7 5. Bb3 d5 6. e5 Qc7 7. f4 Nh6 8. Nf3 Nf5 9. Bc2 Nh4 10. Nxh4 Bxh4+ 11. g3 Be7 12. d3 b6 13. Nd2 Bb7 14. Nf3 d4 15. c4 0-0-0 16. Bd2 h6 17. h4 Kb8 18. 0-0-0 Nb4 19. a3 Nxc2 20. Kxc2 b5 21. b3 bxc4 22. bxc4 Qc6 23. Rb1 Ka8 24. Rhf1 Qa4+ 25. Kb2 Rb8 26. Ka2 Qc2+ 27. Rb2 Qxb2+ 28. Kxb2 Bxf3+ 29. Kc2 Bxe2 30. Re1 Bf3 0-1

[Event "Luxembourg-chT 9899"]
[Site "Luxembourg"]
[Date "1999.03.28"]
[Round "10"]
[White "David, Alberto"]
[Black "Kecap, Ismed"]
[Result "1-0"]
[WhiteElo "2360"]
[BlackElo "2000"]
[PlyCount "107"]
[EventDate "1998.10.08"]
[EventType "team"]
[EventRounds "10"]
[EventCountry "LUX"]
[SourceTitle "EXT 2005"]
[Source "ChessBase"]
[SourceDate "2004.11.15"]
[SourceVersion "1"]
[SourceVersionDate "2004.11.15"]
[SourceQuality "1"]

1. e4 e5 2. Nf3 Nc6 3. Bb5 Nge7 4. 0-0 a6 5. Bc4 f6 6. d4 d6 7. dxe5 dxe5 8. Qe2 Bg4 9. c3 Qc8 10. b4 Nd8 11. a4 Ng6 12. h3 Bd7 13. Rd1 Ne6 14. g3 Nd8 15. h4 Bg4 16. Nbd2 Be7 17. Nf1 h5 18. Ne3 Be6 19. Nd5 Nf7 20. Nxc7+ Qxc7 21. Bxe6 Qxc3 22. Ba3 Rd8 23. Kg2 Rxd1 24. Qxd1 0-0 25. Qc1 Qxc1 26. Rxc1 a5 27. Rc7 axb4 28. Bc1 b6 29. Be3 Rb8 30. Nd2 Kf8 31. Nc4 Nd8 32. Bd5 b3 33. Nxb6 b2 34. Ba2 Ke8 35. a5 Ne6 36. Rc2 Nd4 37. Rxb2 Bd8 38. Bc4 Bxb6 39. axb6 Ne7 40. f4 Nc8 41. b7 Ne7 42. Bxd4 exd4 43. Kf2 Kd7 44. Ke2 Kc7 45. Bd5 f5 46. Kd3 Rd8 47. Rb5 fxe4+ 48. Bxe4 g6 49. Re5 Rd7 50. Rc5+ Kb8 51. Ra5 Rxb7 52. Bxb7 Kxb7 53. Re5 Nf5 54. Rxf5 1-0